The Olivet discourse of Matthew 24-25 and other studies / (Record no. 6035)

MARC details
000 -LEADER
fixed length control field 00513nam a22001697a 4500
003 - CONTROL NUMBER IDENTIFIER
control field GBCCL
005 - DATE AND TIME OF LATEST TRANSACTION
control field 20241126110554.0
008 - FIXED-LENGTH DATA ELEMENTS--GENERAL INFORMATION
fixed length control field 180420b ||||| |||| 00| 0 eng d
040 ## - CATALOGING SOURCE
Transcribing agency gbc
082 ## - DEWEY DECIMAL CLASSIFICATION NUMBER
Classification number 226.206
Item number ARM
100 ## - MAIN ENTRY--PERSONAL NAME
Personal name Armerding, Carl
9 (RLIN) 10882
245 ## - TITLE STATEMENT
Title The Olivet discourse of Matthew 24-25 and other studies /
Statement of responsibility, etc. Carl Armerding
260 ## - PUBLICATION, DISTRIBUTION, ETC.
Place of publication, distribution, etc. Ohio:
Name of publisher, distributor, etc. Dunham Publishing Company,
Date of publication, distribution, etc. 1955
300 ## - PHYSICAL DESCRIPTION
Extent 95 p.;
Dimensions 19 cm.
650 ## - SUBJECT ADDED ENTRY--TOPICAL TERM
Topical term or geographic name entry element Bible
Form subdivision Matthew
General subdivision Criticism, interpretation, etc.
9 (RLIN) 10883
942 ## - ADDED ENTRY ELEMENTS (KOHA)
Source of classification or shelving scheme Dewey Decimal Classification
Koha item type Books
Holdings
Withdrawn status Lost status Source of classification or shelving scheme Damaged status Not for loan Home library Current Library Shelving location Date acquired Total checkouts Full call number Barcode Date last seen Copy number Price effective from Koha item type
    Dewey Decimal Classification     GRACE BIBLE COLLEGE GRACE BIBLE COLLEGE Biblical Studies 2018-04-20   226.206 ARM 003489 2025-05-01 c.1 2018-04-20 Books
© Grace Bible College Library 2025